Catalog

Record Details

Catalog Search



The bounty  Cover Image CD Audiobook CD Audiobook

The bounty / Janet Evanovich with Steve Hamilton.

Evanovich, Janet, (author.). Hamilton, Steve, 1961- (author.). Brick, Scott, (narrator.).

Summary:

"Straight as an arrow special agent Kate O'Hare and international con man Nick Fox have brought down some of the biggest criminals out there. But now they face their most dangerous foe yet, a vast, shadowy international organization known only as the Brotherhood. Directly descended from the Vatican Bank priests who served Hitler during World War II, the Brotherhood is on a frantic search for a lost train loaded with $30 billion in Nazi gold, untouched for over seventy-five years somewhere in the mountains of Eastern Europe. Kate and Nick know that there is only one man who can find the fortune and bring down the Brotherhood--the same man who taught Nick everything he knows, his father, Quentin. As the stakes get higher, they must also rely on Kate's own father, Jake, who shares his daughter's grit and stubbornness. Too bad they can never agree on anything. From a remote monastery in the Swiss Alps to the lawless desert of the Western Sahara, Kate, Nick, and the two men who made them who they are today must crisscross the world in a desperate scramble to stop their deadliest foe in the biggest adventure of their lives."

Record details

  • ISBN: 9781797117089
  • ISBN: 1797117084
  • Physical Description: 7 audio discs (approximately 7 hr., 54 min.) : CD audio, digital ; 4 3/4 in..
  • Edition: Unabridged.
  • Publisher: New York : Simon & Schuster Audio, [2021]

Content descriptions

General Note:
Title from container.
Compact disc.
Participant or Performer Note:
Read by Scott Brick.
Subject: O'Hare, Kate (Fictitious character) > Fiction.
Fox, Nicolas > Fiction.
United States. Federal Bureau of Investigation > Officials and employees > Fiction.
Treasure troves > Fiction.
Government investigators > Fiction.
Women detectives > Fiction.
Fathers and daughters > Fiction.
Fathers and sons > Fiction.
Genre: Detective and mystery fiction.
Humorous fiction.
Thrillers (Fiction)
Audiobooks.

Available copies

  • 1 of 1 copy available at scottsboropl.

Holds

  • 0 current holds with 1 total copy.
Show Only Available Copies
Location Call Number / Copy Notes Barcode Shelving Location Status Due Date
scottsboropl BK/CD Eva 32269001173304 Adult - Audiobook Available -

LDR 04287cim a2200829 i 4500
001156230
003SBPL
00520210712165659.0
008201116s2021 nyunnnne f n eng d
007sd fungnnmmned
020 . ‡a9781797117089 ‡q(sound recording ; ‡qSimon & Schuster Audio)
020 . ‡a1797117084 ‡q(sound recording ; ‡qSimon & Schuster Audio)
0243 . ‡a9781797117089
035 . ‡a(OCoLC)1226440772 ‡z(OCoLC)1245233769
037 . ‡a60dzqe ‡bBlackstone Publishing
037 . ‡a40dzqe ‡bBlackstone Publishing
050 4. ‡aPS3555.V2126 ‡bB68 2021ab
08204. ‡a813/.54 ‡223
1001 . ‡aEvanovich, Janet, ‡eauthor.
24514. ‡aThe bounty / ‡cJanet Evanovich with Steve Hamilton.
250 . ‡aUnabridged.
264 1. ‡aNew York : ‡bSimon & Schuster Audio, ‡c[2021]
264 4. ‡c©℗2021
300 . ‡a7 audio discs (approximately 7 hr., 54 min.) : ‡bCD audio, digital ; ‡c4 3/4 in..
306 . ‡a075423
336 . ‡aspoken word ‡bspw ‡2rdacontent
337 . ‡aaudio ‡bs ‡2rdamedia
338 . ‡aaudio disc ‡bsd ‡2rdacarrier
344 . ‡adigital ‡2rda
344 . ‡boptical ‡2rdarm
344 . ‡c1.4 m/s
347 . ‡aaudio file ‡2rdaft
347 . ‡bCD audio
4901 . ‡aA Fox and O'Hare novel ; ‡v[book 7]
500 . ‡aTitle from container.
5110 . ‡aRead by Scott Brick.
500 . ‡aCompact disc.
520 . ‡a"Straight as an arrow special agent Kate O'Hare and international con man Nick Fox have brought down some of the biggest criminals out there. But now they face their most dangerous foe yet, a vast, shadowy international organization known only as the Brotherhood. Directly descended from the Vatican Bank priests who served Hitler during World War II, the Brotherhood is on a frantic search for a lost train loaded with $30 billion in Nazi gold, untouched for over seventy-five years somewhere in the mountains of Eastern Europe. Kate and Nick know that there is only one man who can find the fortune and bring down the Brotherhood--the same man who taught Nick everything he knows, his father, Quentin. As the stakes get higher, they must also rely on Kate's own father, Jake, who shares his daughter's grit and stubbornness. Too bad they can never agree on anything. From a remote monastery in the Swiss Alps to the lawless desert of the Western Sahara, Kate, Nick, and the two men who made them who they are today must crisscross the world in a desperate scramble to stop their deadliest foe in the biggest adventure of their lives."
60010. ‡aO'Hare, Kate ‡c(Fictitious character) ‡vFiction.
60010. ‡aFox, Nicolas ‡vFiction.
61010. ‡aUnited States. ‡bFederal Bureau of Investigation ‡xOfficials and employees ‡vFiction.
650 0. ‡aTreasure troves ‡vFiction.
650 0. ‡aGovernment investigators ‡vFiction.
650 0. ‡aWomen detectives ‡vFiction.
650 0. ‡aFathers and daughters ‡vFiction.
650 0. ‡aFathers and sons ‡vFiction.
655 7. ‡aDetective and mystery fiction. ‡2lcgft
655 7. ‡aHumorous fiction. ‡2lcgft
655 7. ‡aThrillers (Fiction) ‡2lcgft
655 7. ‡aAudiobooks. ‡2lcgft
7001 . ‡aHamilton, Steve, ‡d1961- ‡eauthor.
7001 . ‡aBrick, Scott, ‡enarrator.
8001 . ‡aEvanovich, Janet. ‡tFox and O'Hare novel. ‡sSpoken word.
901 . ‡a156230 ‡b ‡c156230 ‡tbiblio

Additional Resources